El payaso de la clase / (Record no. 20794)
[ view plain ]
| 000 -LEADER | |
|---|---|
| fixed length control field | 01310cam a2200361Ia 4500 |
| 001 - CONTROL NUMBER | |
| control field | 33026824 |
| 003 - CONTROL NUMBER IDENTIFIER | |
| control field | OCoLC |
| 005 - DATE AND TIME OF LATEST TRANSACTION | |
| control field | 20180528135225.0 |
| 008 - FIXED-LENGTH DATA ELEMENTS--GENERAL INFORMATION | |
| fixed length control field | 950822s1994 nyua j 000 1 spa d |
| 020 ## - INTERNATIONAL STANDARD BOOK NUMBER | |
| International Standard Book Number | 0590480731 |
| Qualifying information | pbk. |
| 020 ## - INTERNATIONAL STANDARD BOOK NUMBER | |
| International Standard Book Number | 9780590480734 |
| Qualifying information | pbk. |
| 035 ## - SYSTEM CONTROL NUMBER | |
| System control number | (OCoLC)33026824 |
| 040 ## - CATALOGING SOURCE | |
| Original cataloging agency | SMP |
| Language of cataloging | eng |
| Transcribing agency | SMP |
| Modifying agency | OCL |
| -- | OCLCQ |
| -- | WSC |
| -- | OCLCQ |
| -- | OCLCF |
| -- | OCLCQ |
| -- | OCLCO |
| -- | JTH |
| -- | OCLCO |
| -- | SO$ |
| 041 1# - LANGUAGE CODE | |
| Language code of text/sound track or separate title | spa |
| Language code of original | eng |
| 050 14 - LIBRARY OF CONGRESS CALL NUMBER | |
| Classification number | PZ73.H8795 |
| Item number | Cl 1994 |
| 092 ## - LOCALLY ASSIGNED DEWEY CALL NUMBER (OCLC) | |
| Filing suffix | J |
| Classification number | HURWITZ |
| 100 1# - MAIN ENTRY--PERSONAL NAME | |
| Personal name | Hurwitz, Johanna. |
| Relator term | author. |
| 240 10 - UNIFORM TITLE | |
| Uniform title | <a href="Class clown.">Class clown.</a> |
| Language of a work | Spanish. |
| 245 13 - TITLE STATEMENT | |
| Title | El payaso de la clase / |
| Statement of responsibility, etc. | Johanna Hurwitz ; ilustrado por Sheila Hamanaka. |
| 260 ## - PUBLICATION, DISTRIBUTION, ETC. (IMPRINT) | |
| Place of publication, distribution, etc. | New York : |
| Name of publisher, distributor, etc. | Scholastic, |
| Date of publication, distribution, etc. | c1994. |
| 300 ## - PHYSICAL DESCRIPTION | |
| Extent | 88 pages ; |
| Dimensions | 20 cm. |
| 336 ## - CONTENT TYPE | |
| Content type term | text |
| Content type code | txt |
| Source | rdacontent. |
| 337 ## - MEDIA TYPE | |
| Media type term | unmediated |
| Media type code | n |
| Source | rdamedia. |
| 338 ## - CARRIER TYPE | |
| Carrier type term | volume |
| Carrier type code | nc |
| Source | rdacarrier. |
| 500 ## - GENERAL NOTE | |
| General note | Translation of: Class clown. |
| 520 ## - SUMMARY, ETC. | |
| Summary, etc. | Lucas Cott, the most obstreperous boy in the third grade, finds it very hard to turn over a new leaf when he decides to become the perfect student. |
| 650 #0 - SUBJECT ADDED ENTRY--TOPICAL TERM | |
| Topical term or geographic name as entry element | Schools |
| Form subdivision | Juvenile fiction. |
| 650 #0 - SUBJECT ADDED ENTRY--TOPICAL TERM | |
| Topical term or geographic name as entry element | Conduct of life |
| Form subdivision | Juvenile fiction. |
| 650 #0 - SUBJECT ADDED ENTRY--TOPICAL TERM | |
| Topical term or geographic name as entry element | Escuelas |
| Form subdivision | Novela juvenil. |
| Source of heading or term | bidex. |
| 650 #0 - SUBJECT ADDED ENTRY--TOPICAL TERM | |
| Topical term or geographic name as entry element | Conducta (Etica) |
| Form subdivision | Novela juvenil. |
| Source of heading or term | bidex. |
| 700 1# - ADDED ENTRY--PERSONAL NAME | |
| Personal name | Hamanaka, Sheila, |
| Relator term | illustrator. |
| 942 ## - ADDED ENTRY ELEMENTS (KOHA) | |
| Koha item type | Libro/Book |
| Withdrawn status | Lost status | Source of classification or shelving scheme | Damaged status | Not for loan | Home library | Current library | Date acquired | Total Checkouts | Barcode | Date last seen | Price effective from | Koha item type |
|---|---|---|---|---|---|---|---|---|---|---|---|---|
| Dewey Decimal Classification | San Juan Del Sur -- Biblioteca | San Juan Del Sur -- Biblioteca | 15/05/2019 | 30008938 | 15/05/2019 | 15/05/2019 | Libro/Book |